Top 50 des jeux-vidéo les plus vendus - Statistiques

Statistiques générales
  • Ce quiz a été pris 323 fois
  • Le résultat moyen est 7 sur 50
Statistiques - réponses
Année de sortie Nombre de ventes (en million) Réponse % Correct
2011 300 Minecraft
79%
2013 195 Grand Theft Auto V
56%
1989 32,14 Tetris / DX
46%
2017 33,31 The Legend of Zelda: Breath of the Wild
38%
2014 69,04 Mario Kart 8
33%
1985 43,17 Super Mario Bros
33%
2010 26,2 Call of Duty: Black Ops
32%
2008 25 Grand Theft Auto IV
32%
2017 24 FIFA 18
24%
2004 27,5 Grand Theft Auto: San Andreas
23%
2008 37,38 Mario Kart Wii
21%
1996 47,19 Pokémon Rouge / Bleu / Vert / Jaune
21%
2019 30 Call of Duty: Modern Warfare
20%
2006 82,9 Wii Sports
18%
2018 33,67 Super Smash Bros. Ultimate
16%
2006 25,27 Pokémon Diamant / Perle / Platine
12%
2017 75 PUBG
12%
1999 30,12 Pokémon Or / Argent / Cristal
11%
2011 26,5 Call of Duty: Modern Warfare 3
10%
2012 24,2 Call of Duty: Black Ops II
9%
2020 44,79 Animal Crossing: New Horizons
8%
2019 26,17 Pokémon Épée / Bouclier
8%
2015 50 The Witcher 3: Wild Hunt
8%
2009 33,14 Wii Sports Resort
7%
2006 30,8 New Super Mario Bros.
6%
2018 61 Red Dead Redemption II
6%
1988 23,71 Super Mario Bros. 3
6%
2017 27,65 Super Mario Odyssey
6%
2007 43,8 Wii Fit
6%
2020 25 Cyberpunk 2077
5%
2022 24,36 Pokémon Écarlate / Violet
5%
2016 25,51 Pokémon Soleil / Lune / Ultra-Soleil / Ultra-Lune
5%
2005 23,96 Nintendogs
4%
1991 23,98 Sonic the Hedgehog
4%
1990 26,66 Super Mario World
4%
2009 30,32 New Super Mario Bros. Wii
3%
2006 28,02 Wii Play
3%
2023 24 Hogwarts Legacy
2%
2017 24 Horizon Zero Dawn
2%
2018 24,19 Marvel's Spider-Man
2%
2018 25 Monster Hunter: World
2%
2011 44,5 Terraria
2%
2012 28 Borderlands 2
1%
1984 28,3 Duck Hunt
1%
2016 50 Human: Fall Flat
1%
2012 26,09 New Super Mario Bros. U / Luigi U / Deluxe
1%
2016 30 Stardew Valley
1%
2012 30 Diablo III
0%
2010 24 Kinect Adventures
0%
2006 100 Tetris (EA)
0%
Aucun quiz correspondant
Distribution des résultats
% des personnes avec chaque résultat
Percentile par nombre de réponses
Votre historique - résultats
Vous n’avez pas pris ce quiz